000 00797cam a22002054a 4500
005 20260202120329.0
008 250528s ||||||||||||||||||||||||d
035 _a21065
020 _a9780335223664
040 _aGR-AtMCL
_bgre
_dGR-AtMCL
_eAACR2
245 1 _aSPSS Survival Manual / A Step by Step Guide to Data Analysis Using SPSS for Windows
250 _a3rd
260 _bMcgraw Hill Book Company,
_c2007
300 _a336
520 _aAn excellent introduction to using SPSS for Data Analysis. Preface, Getting Started, Preparing the Data File, Preliminary Analyses, Statistic Techniques to Explore Relationships Among Variables, Statistical Techniques to Compare Groups, References, Index.
700 1 _aPallant, Julie
_97098
942 _cBK
999 _c6136
_d6136